| 000 | 00349nam a2200133Ia 4500 | ||
|---|---|---|---|
| 005 | 20251222144811.0 | ||
| 008 | 251222s9999||||xx |||||||||||||| ||spa|| | ||
| 020 | _a84-7491-147-8 | ||
| 082 | _a364/G24 | ||
| 100 | _aGarcía Pablos, Antonio | ||
| 245 | 0 | _aProblemas Actuales de la Criminología | |
| 264 | _bInstituto de Criminología | ||
| 942 | _cLIB | ||
| 999 |
_c20116 _d20116 |
||